00310pab a2200121 454500008004000000100002200040245003900062260000900101300001300110362001100123650002000134773003400154180718b2001 xxu||||| |||| 00| 0 eng d aKulkarni, Manu N. aBioinformatics and genomics Bazaar c2001 ap.622-26 a24 Feb aHealth services aEconomic and Political Weekly